|
|
|
|
| LEADER |
00000cam a2200000 a 4500 |
| 001 |
vtls001106398 |
| 003 |
SK-MaSNL |
| 005 |
20260311125407.0 |
| 008 |
250414s1977 xo l fr 00000 hun |
| 015 |
|
|
|a SNBA1977/01
|
| 035 |
|
|
|a SNK000049240
|
| 040 |
|
|
|a SNK
|b slo
|c SNK
|e AACR2
|
| 041 |
1 |
|
|a hun
|h cze
|
| 043 |
|
|
|a e-cs---
|
| 044 |
|
|
|a xo
|c SK
|
| 080 |
|
|
|a 330.342.151(437)"1945/1975"=945.11
|2 1981
|
| 245 |
0 |
2 |
|a A szocialista gazdaság fejlődése Csehszlovákiában
|c Václav Průcha, Miroslav Brdek, Emília Krajniaková, Kurt Rozsypal ; [Imre Foldes]
|
| 246 |
1 |
1 |
|a Rozvoj socialistického hospodárstva v Československu
|
| 250 |
|
|
|a 1. vyd.
|
| 260 |
|
|
|a Bratislava
|b Pravda
|c 1977
|e Bratislava
|f Pravda
|
| 300 |
|
|
|a 285 s.
|b tab.
|c 21 cm
|
| 366 |
|
|
|e 500 výtl., 3000 výtl. pre Kossuth Konyvkiadó, Budapest
|
| 500 |
|
|
|a Preložené z češtiny
|
| 648 |
|
7 |
|a 1945-1975
|2 SNKPH
|9 305742
|
| 650 |
0 |
7 |
|a národné hospodárstvo
|2 SNKPH
|9 846
|
| 651 |
|
7 |
|a Československo
|2 SNKPHgeo
|9 21376
|
| 655 |
|
7 |
|a analýzy
|2 SNKPH
|9 22242
|
| 655 |
|
7 |
|a štúdie
|2 SNKPH
|9 57033
|
| 655 |
|
7 |
|a monografie
|2 SNKPH
|9 70139
|
| 700 |
1 |
|
|a Průcha, Václav,
|d 1931-
|4 aut
|9 236166
|
| 700 |
1 |
|
|a Brdek, Miroslav,
|d 1930-
|4 aut
|9 103911
|
| 700 |
1 |
|
|a Krajniaková, Emília
|4 aut
|9 375759
|
| 700 |
1 |
|
|a Rozsypal, Kurt
|4 aut
|9 443926
|
| 700 |
1 |
|
|a Foldes, Imre
|4 trl
|9 418735
|
| 852 |
|
|
|a Slovenská národná knižnica
|
| 958 |
|
|
|a NB
|
| 958 |
|
|
|a TL
|
| 958 |
|
|
|a OP
|
| 958 |
|
|
|a OND
|
| 999 |
|
|
|c 698992
|d 700922
|
| 952 |
|
|
|a SNK
|b SNK
|y VYP
|7 0
|p 17A0980665
|o snkSC 42514 D1
|i snkKSP 6858/77
|0 0
|1 0
|4 0
|d 2014-09-02
|l 0
|r 2026-02-23 20:52:13
|w 2026-02-23
|